000 00321nam a2200109 4500
999 _c12480
_d12480
008 190128b ||||| |||| 00| 0 eng d
245 _aEnvironmental conservation is key.
260 _aPhilippines
_bPhilippine Daily Inquirer
_cc2018
300 _apage A20.
650 0 _935195
_aEnvironmental protection.
942 _2ddc
_cPER